MARC

LEADER 00000nam0a2200000 4500
001 131609
005 20260205134156.0
010 |a 5308002053 
035 |a (RuTPU)RU\TPU\book\142536 
090 |a 131609 
100 |a 20080219d1989 m y0rusy5003 ca 
101 0 |a rus 
102 |a UA 
105 |a a z 000ay 
200 1 |a Хатынская повесть  |f О. (А.) Адамович  |g авт. предисл. И. А. Дедков ; худож. А. М. Кашкуревич 
210 |a Киев  |c Днипро  |d 1989 
215 |a 217,[2] с.  |c ил.  |d 21 см 
225 1 |a Школьная библиотека 
606 |a Белорусская литература  |9 51766 
610 1 |a Белоруссия 
610 1 |a художественная проза 
610 1 |a Хатынь 
675 |a 882.6  |v 4 
700 1 |a Адамович  |b О. (А.)  |c белорусский писатель  |c полное имя Александр Михайлович  |f 1927-1994  |g Олесь (Алесь)  |3 (RuTPU)RU\TPU\pers\12411  |9 3419 
702 1 |a Дедков  |b И. А.  |4 080 
702 1 |a Кашкуревич  |b А. М.  |4 440 
801 0 |a RU  |b RuMRKP  |c 19950417  |g psbo 
801 1 |a RU  |b 63413507  |c 20080219  |g PSBO 
801 2 |a RU  |b 63413507  |c 20150407  |g PSBO 
942 |c BK